[Event "Condom IM 12th"]
[Site "Condom"]
[Date "2013.07.19"]
[Round "8"]
[White "Van Elst, Andreas"]
[Black "Vedmediuc, Serghei"]
[Result "1/2-1/2"]
[WhiteElo "2279"]
[BlackElo "2460"]
[PlyCount "34"]
[EventDate "2013.07.13"]
[EventType "tourn"]
[EventRounds "9"]
[EventCountry "FRA"]
[EventCategory "4"]
[SourceTitle "CBM 155 Extra"]
[Source "ChessBase"]
[SourceDate "2013.08.26"]
[SourceVersion "1"]
[SourceVersionDate "2013.08.26"]
[SourceQuality "1"]

1. e4 c5 2. Nf3 e6 3. Nc3 a6 4. d4 cxd4 5. Nxd4 Qc7 6. g3 Nc6 7. Bg2 Nf6 8. 0-0 Bc5 9. Nb3 Be7 10. f4 d6 11. a4 0-0 12. a5 b5 13. axb6 Qxb6+ 14. Kh1 Rb8 15. Qe2 Nb4 16. Na5 Qc7 17. Be3 Bd7 1/2-1/2

[Event "Condom IM 12th"]
[Site "Condom"]
[Date "2013.07.16"]
[Round "5"]
[White "Song, Julien"]
[Black "Van Elst, Andreas"]
[Result "1-0"]
[WhiteElo "2409"]
[BlackElo "2279"]
[PlyCount "89"]
[EventDate "2013.07.13"]
[EventType "tourn"]
[EventRounds "9"]
[EventCountry "FRA"]
[EventCategory "4"]
[SourceTitle "CBM 155 Extra"]
[Source "ChessBase"]
[SourceDate "2013.08.26"]
[SourceVersion "1"]
[SourceVersionDate "2013.08.26"]
[SourceQuality "1"]

1. Nf3 Nf6 2. g3 g6 3. Bg2 Bg7 4. 0-0 0-0 5. d4 d6 6. a4 Na6 7. Nc3 c5 8. d5 Nb4 9. h3 e6 10. dxe6 fxe6 11. e4 d5 12. Ng5 h6 13. e5 Ne8 14. Nf3 Kh7 15. h4 b6 16. Re1 Ba6 17. Ne2 d4 18. Nf4 Nc7 19. Nh2 Nbd5 20. Qg4 Nxf4 21. Bxf4 h5 22. Qd1 Nd5 23. Bg5 Qe8 24. Be4 Kg8 25. a5 Qf7 26. f4 Ne3 27. Qd2 Bb7 28. Rxe3 dxe3 29. Qxe3 Bxe4 30. Qxe4 Rab8 31. a6 Kh7 32. Rd1 Rbc8 33. Nf3 Kg8 34. Rd6 Rfe8 35. Qa4 Qf5 36. Rd7 b5 37. Qxb5 Qe4 38. Qb7 Qxb7 39. axb7 Rb8 40. Be7 Bf8 41. Bd6 Bxd6 42. exd6 Red8 43. Rxd8+ Rxd8 44. Ne5 Rb8 45. d7 1-0

[Event "Condom 11th"]
[Site "Condom"]
[Date "2012.07.21"]
[Round "9"]
[White "Saada, Julien"]
[Black "Van Elst, Andreas"]
[Result "1/2-1/2"]
[WhiteElo "2315"]
[BlackElo "2300"]
[PlyCount "21"]
[EventDate "2012.07.14"]
[EventType "tourn"]
[EventRounds "9"]
[EventCountry "FRA"]
[EventCategory "5"]
[SourceTitle "CBM 149 Extra"]
[Source "ChessBase"]
[SourceDate "2012.08.24"]
[SourceVersion "1"]
[SourceVersionDate "2012.08.24"]
[SourceQuality "1"]

1. d4 Nf6 2. Nf3 g6 3. Bg5 Ne4 4. Bf4 Bg7 5. Nbd2 Nxd2 6. Qxd2 0-0 7. Bh6 d6 8. Bxg7 Kxg7 9. e4 c5 10. dxc5 dxc5 11. Qxd8 1/2-1/2

[Event "Condom 11th"]
[Site "Condom"]
[Date "2012.07.14"]
[Round "1"]
[White "Van Elst, Andreas"]
[Black "Joie, Sebastien"]
[Result "0-1"]
[WhiteElo "2300"]
[BlackElo "2304"]
[PlyCount "138"]
[EventDate "2012.07.14"]
[EventType "tourn"]
[EventRounds "9"]
[EventCountry "FRA"]
[EventCategory "5"]
[SourceTitle "CBM 149 Extra"]
[Source "ChessBase"]
[SourceDate "2012.08.24"]
[SourceVersion "1"]
[SourceVersionDate "2012.08.24"]
[SourceQuality "1"]

1. e4 e5 2. Nf3 Nc6 3. Bc4 Bc5 4. Nc3 Nf6 5. d3 d6 6. Bg5 h6 7. Bxf6 Qxf6 8. Nd5 Qd8 9. c3 Ne7 10. Ne3 0-0 11. 0-0 Bb6 12. d4 exd4 13. Nxd4 Kh8 14. Qh5 Ng6 15. Nef5 Qg5 16. Qe2 Bxf5 17. Nxf5 Rae8 18. g3 Ne7 19. Nd4 Bxd4 20. cxd4 d5 21. Bd3 Nc6 22. f4 Qd8 23. e5 Nxd4 24. Qe3 c5 25. f5 Nc6 26. f6 Rxe5 27. fxg7+ Kxg7 28. Qxc5 Qe7 29. Qf2 Qe6 30. Rae1 Rxe1 31. Rxe1 Qf6 32. Qe2 Rd8 33. Kg2 Rd6 34. Rf1 Re6 35. Qd1 Qxb2+ 36. Rf2 Qe5 37. h4 Kf8 38. Qf3 Nd8 39. Qg4 Qd6 40. Bh7 Ke7 41. Qd4 Qb6 42. Qg7 Rf6 43. Re2+ Ne6 44. Qg4 Qb5 45. Kh3 Qc4 46. Qh5 Qd4 47. Bf5 a6 48. Qf3 Kf8 49. Qa3+ Qc5 50. Qd3 Rxf5 51. Qxf5 Nd4 52. Qg4 Nxe2 53. Qxe2 Qc8+ 54. Kh2 Qc4 55. Qb2 Qc6 56. Qe5 b5 57. a3 Qe6 58. Qd4 Kg8 59. a4 Qe2+ 60. Kh3 Qe4 61. Qd2 bxa4 62. Qa5 Kh7 63. Kh2 Qc4 64. Qd8 Qe2+ 65. Kg1 Qe3+ 66. Kg2 Qe4+ 67. Kg1 a3 68. Qf8 Qf3 69. Qb8 a2 0-1

[Event "FRA-ch Accession"]
[Site "Nimes"]
[Date "2009.08.18"]
[Round "7"]
[White "Ider, Borya"]
[Black "Van Elst, Andreas"]
[Result "1-0"]
[WhiteElo "2234"]
[BlackElo "2288"]
[PlyCount "61"]
[EventDate "2009.08.11"]
[EventType "swiss"]
[EventRounds "9"]
[EventCountry "FRA"]
[SourceTitle "CBM 132 Extra"]
[Source "ChessBase"]
[SourceDate "2009.11.03"]
[SourceVersion "1"]
[SourceVersionDate "2009.11.03"]
[SourceQuality "1"]

1. d4 Nf6 2. c4 g6 3. Nc3 Bg7 4. e4 d6 5. h3 0-0 6. Bg5 Na6 7. Bd3 e5 8. d5 c6 9. Nge2 Qe8 10. 0-0 Nh5 11. Bc2 f6 12. Be3 Qe7 13. g4 Nf4 14. Nxf4 exf4 15. Bxf4 c5 16. Re1 Nc7 17. Bg3 Bd7 18. a4 Ne8 19. Kh2 Qd8 20. f4 Qb6 21. Nb5 Qa5 22. f5 Bxb5 23. axb5 Qb6 24. fxg6 hxg6 25. e5 dxe5 26. Bxg6 Nd6 27. g5 fxg5 28. Qh5 Rf6 29. Qh7+ Kf8 30. Bxe5 Rf2+ 31. Kg1 1-0

[Event "FRA-chT1A 0809"]
[Site "France"]
[Date "2009.04.05"]
[Round "11.1"]
[White "Pinter, Jozsef"]
[Black "Van Elst, Andreas"]
[Result "1-0"]
[WhiteElo "2541"]
[BlackElo "2317"]
[PlyCount "55"]
[EventDate "2008.10.19"]
[EventType "team-tourn"]
[EventRounds "11"]
[EventCountry "FRA"]
[SourceTitle "EXT 2010"]
[Source "ChessBase"]
[SourceDate "2010.11.25"]
[SourceVersion "1"]
[SourceVersionDate "2010.11.25"]
[SourceQuality "1"]
[WhiteTeam "Bischwiller"]
[BlackTeam "Toulouse"]
[WhiteTeamCountry "FRA"]
[BlackTeamCountry "FRA"]

1. d4 Nf6 2. c4 g6 3. Nc3 Bg7 4. e4 d6 5. Bd3 0-0 6. Nge2 Nc6 7. 0-0 Nd7 8. Be3 e5 9. d5 Nd4 10. Rc1 f5 11. exf5 Nxf5 12. Bxf5 gxf5 13. f4 exf4 14. Nxf4 Ne5 15. b3 Qe7 16. Qd2 Qf7 17. Nb5 Ng4 18. Bd4 Be5 19. Rce1 a6 20. Nc3 Bd7 21. h3 Bxd4+ 22. Qxd4 Ne5 23. Re3 Rae8 24. Nce2 Ng6 25. Rg3 Re4 26. Qd2 Kh8 27. Nxg6+ hxg6 28. Qh6+ 1-0

[Event "Toulouse Cup"]
[Site "Toulouse"]
[Date "2009.02.15"]
[Round "4"]
[White "Van Elst, Andreas"]
[Black "Golic, Nadil"]
[Result "1-0"]
[WhiteElo "2306"]
[BlackElo "2020"]
[PlyCount "89"]
[EventDate "2009.01.11"]
[EventType "team-tourn"]
[EventRounds "7"]
[EventCountry "FRA"]
[SourceTitle "EXT 2010"]
[Source "ChessBase"]
[SourceDate "2010.11.25"]
[SourceVersion "1"]
[SourceVersionDate "2010.11.25"]
[SourceQuality "1"]

1. d4 Nf6 2. c4 g6 3. Nc3 Bg7 4. e4 d6 5. Nf3 0-0 6. Be2 e5 7. 0-0 Nc6 8. d5 Ne7 9. Ne1 Nd7 10. Be3 f5 11. f3 f4 12. Bf2 g5 13. Rc1 Nf6 14. c5 a6 15. a4 Ng6 16. a5 Rf7 17. cxd6 cxd6 18. Na4 g4 19. Nb6 Rb8 20. Qc2 gxf3 21. Nxf3 Bg4 22. Ng5 Re7 23. Bxg4 Nxg4 24. Ne6 Qe8 25. Qe2 Nxf2 26. Rxf2 Nf8 27. Nxf8 Bxf8 28. Qg4+ Qg6 29. Qxg6+ hxg6 30. Rfc2 Rbe8 31. Kf2 Kf7 32. Kf3 g5 33. Nc8 Rd7 34. Rc7 Rxc7 35. Rxc7+ Kf6 36. Kg4 Kg6 37. Nb6 Re7 38. Rc8 Rf7 39. Rd8 Be7 40. Rd7 Rh7 41. h3 Rh4+ 42. Kf3 Bf8 43. Rxb7 g4+ 44. hxg4 Kg5 45. Rf7 1-0

[Event "FRA-chT1A 0809"]
[Site "France"]
[Date "2008.12.14"]
[Round "5.2"]
[White "Crut, Aurelien"]
[Black "Van Elst, Andreas"]
[Result "1-0"]
[WhiteElo "2337"]
[BlackElo "2317"]
[PlyCount "85"]
[EventDate "2008.10.19"]
[EventType "team-tourn"]
[EventRounds "11"]
[EventCountry "FRA"]
[SourceTitle "EXT 2010"]
[Source "ChessBase"]
[SourceDate "2010.11.25"]
[SourceVersion "1"]
[SourceVersionDate "2010.11.25"]
[SourceQuality "1"]
[WhiteTeam "Besancon TPG"]
[BlackTeam "Toulouse"]
[WhiteTeamCountry "FRA"]
[BlackTeamCountry "FRA"]

1. e4 c5 2. Nf3 e6 3. c3 Nf6 4. e5 Nd5 5. d4 cxd4 6. cxd4 d6 7. Bc4 Nc6 8. 0-0 Be7 9. Qe2 0-0 10. Nc3 Nxc3 11. bxc3 b6 12. Bd3 Bb7 13. exd6 Qxd6 14. Re1 Rac8 15. Bd2 Rfe8 16. h4 Qd5 17. Be4 Qh5 18. Rab1 Bxh4 19. Nxh4 Qxh4 20. g3 Qd8 21. Qh5 f5 22. Bg2 Na5 23. Bxb7 Nxb7 24. Re2 Nd6 25. f3 Qd7 26. Rbe1 Nb5 27. Re3 Nc7 28. Re5 Nd5 29. Rc1 Rc4 30. g4 g6 31. Qh4 Qf7 32. gxf5 exf5 33. Rce1 Rcc8 34. c4 Nf6 35. Bg5 Nh5 36. d5 Rxe5 37. Rxe5 Re8 38. Qd4 Rxe5 39. Qxe5 Qd7 40. Bh6 Qc8 41. d6 Qd8 42. Qe6+ Kh8 43. d7 1-0

[Event "FRA-chT1A 0809"]
[Site "France"]
[Date "2008.12.13"]
[Round "4.2"]
[White "Van Elst, Andreas"]
[Black "Doncea, Vladimir"]
[Result "0-1"]
[WhiteElo "2317"]
[BlackElo "2434"]
[PlyCount "98"]
[EventDate "2008.10.19"]
[EventType "team-tourn"]
[EventRounds "11"]
[EventCountry "FRA"]
[SourceTitle "EXT 2010"]
[Source "ChessBase"]
[SourceDate "2010.11.25"]
[SourceVersion "1"]
[SourceVersionDate "2010.11.25"]
[SourceQuality "1"]
[WhiteTeam "Toulouse"]
[BlackTeam "Lyon Olympique"]
[WhiteTeamCountry "FRA"]
[BlackTeamCountry "FRA"]

1. d4 d5 2. c4 e5 3. e3 exd4 4. exd4 Nf6 5. Nc3 c6 6. Nf3 Be7 7. Bd3 0-0 8. 0-0 Bg4 9. Re1 dxc4 10. Bxc4 Nbd7 11. Bb3 Nb6 12. Qd3 Bh5 13. Ne5 Nbd5 14. Bg5 Bg6 15. Nxg6 hxg6 16. Rad1 Qd7 17. Qg3 Rfe8 18. Qh4 Bb4 19. Nxd5 Nxd5 20. Re5 Bd6 21. Re4 Rxe4 22. Qxe4 Re8 23. Qf3 Be7 24. Bxe7 Rxe7 25. g3 Re6 26. Kg2 Rd6 27. h3 a5 28. Qe4 Re6 29. Qd3 Rd6 30. Qe4 b5 31. a3 a4 32. Ba2 b4 33. Bxd5 cxd5 34. Qf3 b3 35. Rc1 Rc6 36. Rc3 Qc8 37. Re3 Qd7 38. Re5 Rd6 39. Qe2 Re6 40. Rxe6 fxe6 41. Qa6 Kh7 42. Qa5 e5 43. dxe5 d4 44. e6 Qxe6 45. Qxa4 Qd5+ 46. Kf1 d3 47. Qh4+ Kg8 48. Ke1 d2+ 49. Kd1 Qd3 0-1

[Event "Cap d'Agde CCAS op"]
[Site "Cap d'Agde"]
[Date "2008.10.28"]
[Round "5"]
[White "Van Elst, Andreas"]
[Black "Kosten, Anthony C"]
[Result "0-1"]
[WhiteElo "2317"]
[BlackElo "2510"]
[PlyCount "92"]
[EventDate "2008.10.25"]
[EventType "swiss"]
[EventRounds "9"]
[EventCountry "FRA"]
[SourceTitle "CBM 127 Extra"]
[Source "ChessBase"]
[SourceDate "2009.01.08"]
[SourceVersion "2"]
[SourceVersionDate "2009.01.28"]
[SourceQuality "1"]

1. d4 e6 2. e4 d5 3. Nc3 Nf6 4. Bd3 c5 5. exd5 Nxd5 6. Nf3 cxd4 7. Nb5 Nc6 8. Nbxd4 Nxd4 9. Nxd4 Bc5 10. Nb3 Bd6 11. Qg4 0-0 12. Bg5 Qc7 13. 0-0-0 f5 14. Qe2 a5 15. Kb1 Bf4 16. Bxf4 Nxf4 17. Qf3 e5 18. g3 a4 19. Nc1 Ne6 20. Qd5 a3 21. Bc4 Kh8 22. Bb3 Nd4 23. Nd3 Ra5 24. Qc4 Qe7 25. Qb4 Qxb4 26. Nxb4 axb2 27. Kxb2 f4 28. Nd3 Bg4 29. Ra1 Bf3 30. Rhe1 fxg3 31. hxg3 Be2 32. f4 Bxd3 33. cxd3 exf4 34. gxf4 Raf5 35. Re7 Rxf4 36. Rxb7 h5 37. Rg1 Rg4 38. Rxg4 hxg4 39. Rb4 Rd8 40. Rc4 g3 41. Rc5 Nxb3 42. axb3 Kh7 43. Rc1 Kg6 44. Rb1 Kg5 45. Kc3 Kg4 46. Kd2 g2 0-1

[Event "Cap d'Agde CCAS op"]
[Site "Cap d'Agde"]
[Date "2008.10.27"]
[Round "4"]
[White "Fargere, Francois"]
[Black "Van Elst, Andreas"]
[Result "1/2-1/2"]
[WhiteElo "2444"]
[BlackElo "2317"]
[PlyCount "31"]
[EventDate "2008.10.25"]
[EventType "swiss"]
[EventRounds "9"]
[EventCountry "FRA"]
[SourceTitle "CBM 127 Extra"]
[Source "ChessBase"]
[SourceDate "2009.01.08"]
[SourceVersion "2"]
[SourceVersionDate "2009.01.28"]
[SourceQuality "1"]

1. e4 c5 2. Nf3 e6 3. d4 cxd4 4. Nxd4 a6 5. Bd3 Nf6 6. 0-0 Qc7 7. Qe2 d6 8. c4 g6 9. Nc3 Bg7 10. Nf3 Nc6 11. Bf4 e5 12. Be3 Bg4 13. h3 Nd4 14. Bxd4 Bxf3 15. Qxf3 exd4 16. Nd5 1/2-1/2

[Event "FRA-chT1B 0708"]
[Site "France"]
[Date "2008.02.10"]
[Round "7.1"]
[White "Van Elst, Andreas"]
[Black "Shirazi, Kamran"]
[Result "0-1"]
[WhiteElo "2350"]
[BlackElo "2422"]
[PlyCount "84"]
[EventDate "2007.10.21"]
[EventType "team"]
[EventRounds "11"]
[EventCountry "FRA"]
[SourceTitle "EXT 2009"]
[Source "ChessBase"]
[SourceDate "2008.11.26"]
[SourceVersion "1"]
[SourceVersionDate "2008.11.26"]
[SourceQuality "1"]
[WhiteTeam "Toulouse"]
[BlackTeam "Lutece"]
[WhiteTeamCountry "FRA"]
[BlackTeamCountry "FRA"]

1. d4 Nf6 2. c4 c5 3. e3 g6 4. Nc3 Bg7 5. Nf3 0-0 6. Be2 cxd4 7. exd4 d5 8. 0-0 Nc6 9. h3 dxc4 10. Bxc4 Na5 11. Be2 Be6 12. Ne5 Rc8 13. Qa4 a6 14. Rd1 Nd5 15. Bd2 Nc6 16. Bf3 b5 17. Qxa6 Nxd4 18. Nxd5 Bxe5 19. Ba5 Nxf3+ 20. gxf3 Qe8 21. Bb4 Bxd5 22. Rxd5 Bxb2 23. Re1 Bf6 24. Qxb5 Rc6 25. Kg2 Rc7 26. Qxe8 Rxe8 27. Red1 Rc4 28. a3 e6 29. Rd7 Ra8 30. R1d3 h5 31. Rb7 Bd4 32. Rd7 Bf6 33. Rb7 Bd4 34. Rd7 e5 35. f4 Rc2 36. fxe5 Rxf2+ 37. Kg3 h4+ 38. Kxh4 Bxe5 39. Rd8+ Rxd8 40. Rxd8+ Kg7 41. Bd2 Rg2 42. Rd5 Bf6+ 0-1

[Event "FRA-chT1B 0708"]
[Site "France"]
[Date "2007.10.21"]
[Round "1.1"]
[White "Alsina Leal, Daniel"]
[Black "Van Elst, Andreas"]
[Result "1-0"]
[WhiteElo "2435"]
[BlackElo "2350"]
[PlyCount "51"]
[EventDate "2007.10.21"]
[EventType "team"]
[EventRounds "11"]
[EventCountry "FRA"]
[SourceTitle "EXT 2009"]
[Source "ChessBase"]
[SourceDate "2008.11.26"]
[SourceVersion "1"]
[SourceVersionDate "2008.11.26"]
[SourceQuality "1"]
[WhiteTeam "Avignon"]
[BlackTeam "Toulouse"]
[WhiteTeamCountry "FRA"]
[BlackTeamCountry "FRA"]

1. e4 c5 2. Nf3 e6 3. d4 cxd4 4. Nxd4 a6 5. c4 Nf6 6. Nc3 Bb4 7. Nc2 Bxc3+ 8. bxc3 Qa5 9. Qd3 0-0 10. Ba3 Re8 11. Bd6 Nc6 12. Be2 Ne5 13. Qd4 Nc6 14. Qe3 Qa4 15. Nd4 Nxd4 16. cxd4 Qa5+ 17. Kf1 h6 18. e5 Nh7 19. h4 Qa4 20. Rh3 f5 21. exf6 Nxf6 22. Rg3 Kh8 23. Rg6 Qc6 24. Be5 Qe4 25. Qxh6+ gxh6 26. Bxf6+ 1-0

[Event "FRA-ch Accession"]
[Site "Aix les Bains"]
[Date "2007.08.22"]
[Round "9"]
[White "Duquesnoy, Jean Philippe"]
[Black "Van Elst, Andreas"]
[Result "0-1"]
[WhiteElo "2268"]
[BlackElo "2294"]
[PlyCount "66"]
[EventDate "2007.08.13"]
[EventType "swiss"]
[EventRounds "11"]
[EventCountry "FRA"]
[SourceTitle "CBM 120 Extra"]
[Source "ChessBase"]
[SourceDate "2007.11.01"]
[SourceVersion "1"]
[SourceVersionDate "2007.11.01"]
[SourceQuality "1"]

1. d4 Nf6 2. c4 g6 3. Nc3 Bg7 4. e4 d6 5. f4 c5 6. d5 0-0 7. Nf3 e6 8. Be2 exd5 9. cxd5 b5 10. e5 dxe5 11. fxe5 Ng4 12. Bg5 Qb6 13. 0-0 Nd7 14. e6 fxe6 15. dxe6 Qxe6 16. Nxb5 Rb8 17. Nc7 Qe4 18. Bd3 Qb4 19. Ne6 c4 20. Nxf8 Nxf8 21. Be2 Qc5+ 22. Kh1 Rxb2 23. Rc1 c3 24. Rc2 Bf5 25. Bd3 Rxc2 26. Bxc2 Nf2+ 27. Rxf2 Qxf2 28. Bb3+ Kh8 29. Be7 c2 30. Qc1 Be4 31. Bh4 Qe2 32. Kg1 Bd4+ 33. Kh1 Bxf3 0-1

[Event "FRA-ch Accession"]
[Site "Aix les Bains"]
[Date "2007.08.20"]
[Round "7"]
[White "Demuth, Adrien"]
[Black "Van Elst, Andreas"]
[Result "1/2-1/2"]
[WhiteElo "2193"]
[BlackElo "2294"]
[PlyCount "96"]
[EventDate "2007.08.13"]
[EventType "swiss"]
[EventRounds "11"]
[EventCountry "FRA"]
[SourceTitle "CBM 120 Extra"]
[Source "ChessBase"]
[SourceDate "2007.11.01"]
[SourceVersion "1"]
[SourceVersionDate "2007.11.01"]
[SourceQuality "1"]

1. d4 Nf6 2. c4 g6 3. Nc3 Bg7 4. e4 d6 5. Nf3 0-0 6. Be2 Nbd7 7. 0-0 e5 8. Re1 c6 9. Rb1 exd4 10. Nxd4 Re8 11. Bf1 Nc5 12. f3 Nh5 13. Be3 Qe7 14. Qd2 Bd7 15. Bf2 Rad8 16. b4 Na6 17. Nc2 Be5 18. Ne2 b6 19. g4 Nf6 20. f4 Nxe4 21. Qe3 Nxf2 22. Qxf2 Bg7 23. Ng3 Qh4 24. c5 Nb8 25. cxb6 axb6 26. Qxb6 Qxg4 27. Rxe8+ Rxe8 28. Re1 Be6 29. Qf2 Bh6 30. f5 gxf5 31. Bg2 Kf8 32. Nd4 f4 33. Nf1 Bd5 34. h3 Qg6 35. Rxe8+ Kxe8 36. Nd2 Nd7 37. b5 cxb5 38. Nxb5 Bxg2 39. Qxg2 Qxg2+ 40. Kxg2 Ke7 41. a4 Nc5 42. a5 Na6 43. Kf3 d5 44. Nb3 Kf6 45. N3d4 Kg5 46. Nd6 Bg7 47. Ne2 f5 48. h4+ Kf6 1/2-1/2

[Event "FRA-ch Accession"]
[Site "Aix les Bains"]
[Date "2007.08.18"]
[Round "5"]
[White "Houriez, Clement"]
[Black "Van Elst, Andreas"]
[Result "0-1"]
[WhiteElo "2181"]
[BlackElo "2294"]
[PlyCount "72"]
[EventDate "2007.08.13"]
[EventType "swiss"]
[EventRounds "11"]
[EventCountry "FRA"]
[SourceTitle "CBM 120 Extra"]
[Source "ChessBase"]
[SourceDate "2007.11.01"]
[SourceVersion "1"]
[SourceVersionDate "2007.11.01"]
[SourceQuality "1"]

1. e4 c5 2. Nf3 e6 3. b3 d6 4. Bb2 Nf6 5. e5 dxe5 6. Nxe5 Be7 7. f4 0-0 8. Bd3 Qc7 9. Qf3 Nbd7 10. 0-0 Rd8 11. Na3 Nf8 12. Nac4 Nd5 13. Qg3 Bf6 14. a4 b6 15. Rae1 Bb7 16. f5 exf5 17. Bxf5 Ng6 18. Qg4 Re8 19. Nd3 Bxb2 20. Ncxb2 Nf6 21. Qh3 Qd6 22. Nc4 Qd4+ 23. Kh1 Nf4 24. Nxf4 Qxf4 25. Ne3 Qg5 26. Qg3 Qxg3 27. hxg3 Ba6 28. d3 Re5 29. Kg1 Rae8 30. Kf2 g6 31. Bh3 Kg7 32. Re2 Nd5 33. Rfe1 Nc3 34. Rd2 f5 35. Kf3 Bb7+ 36. Kf2 Kf6 0-1

[Event "Condom IM 6th"]
[Site "Condom"]
[Date "2007.07.09"]
[Round "4"]
[White "Van Elst, Andreas"]
[Black "Piceu, Tom"]
[Result "1-0"]
[WhiteElo "2294"]
[BlackElo "2350"]
[PlyCount "105"]
[EventDate "2007.07.07"]
[EventType "tourn"]
[EventRounds "9"]
[EventCountry "FRA"]
[EventCategory "4"]
[SourceTitle "CBM 119 Extra"]
[Source "ChessBase"]
[SourceDate "2007.09.04"]
[SourceVersion "1"]
[SourceVersionDate "2007.09.04"]
[SourceQuality "1"]

1. d4 Nf6 2. c4 g6 3. Nc3 Bg7 4. e4 d6 5. Nf3 0-0 6. Be2 c5 7. d5 e6 8. 0-0 exd5 9. cxd5 Bg4 10. Bf4 Re8 11. Nd2 Bxe2 12. Qxe2 Nh5 13. Be3 Nd7 14. g4 Nhf6 15. f3 a6 16. a4 Rb8 17. a5 b5 18. axb6 Nxb6 19. Rf2 h5 20. h3 hxg4 21. hxg4 Nbxd5 22. exd5 Rxb2 23. Qd3 Nd7 24. Nc4 Rb3 25. Rc1 Qf6 26. Bd2 Qh4 27. Kg2 Ne5 28. Nxe5 Bxe5 29. Rh1 Qg3+ 30. Kf1 Bd4 31. Rg2 Qe5 32. f4 Qxd5 33. Rgh2 Qb7 34. g5 Bg7 35. Rh7 Qb5 36. Qxb5 axb5 37. R7h3 Kf8 38. Ne2 Rxh3 39. Rxh3 d5 40. Nc3 Bxc3 41. Rxc3 c4 42. Ra3 d4 43. Bb4+ Kg8 44. Ra5 Rb8 45. Bd6 Rd8 46. Be7 Rc8 47. Rxb5 d3 48. Rc5 Re8 49. Rc7 c3 50. Ke1 Kh7 51. Kd1 d2 52. Kc2 Ra8 53. Rxc3 1-0

[Event "Condom IM 6th"]
[Site "Condom"]
[Date "2007.07.08"]
[Round "2"]
[White "Van Elst, Andreas"]
[Black "Sanchez, Joseph"]
[Result "1-0"]
[WhiteElo "2294"]
[BlackElo "2486"]
[PlyCount "59"]
[EventDate "2007.07.07"]
[EventType "tourn"]
[EventRounds "9"]
[EventCountry "FRA"]
[EventCategory "4"]
[SourceTitle "CBM 119 Extra"]
[Source "ChessBase"]
[SourceDate "2007.09.04"]
[SourceVersion "1"]
[SourceVersionDate "2007.09.04"]
[SourceQuality "1"]

1. d4 d5 2. c4 c6 3. Nc3 Nf6 4. e3 e6 5. Nf3 Nbd7 6. Bd3 dxc4 7. Bxc4 b5 8. Bd3 Bb7 9. e4 b4 10. Na4 c5 11. e5 Nd5 12. 0-0 cxd4 13. Nxd4 g6 14. Qg4 Bg7 15. Bg5 Ne7 16. Bb5 Rc8 17. Nxe6 fxe6 18. Qxe6 Bd5 19. Qd6 Bc6 20. Qxb4 a5 21. Qb3 Rb8 22. Nc3 Bxe5 23. Rfe1 Rf8 24. Rad1 Qb6 25. Bxc6 Qxc6 26. Rxe5 Rf7 27. Qxf7+ Kxf7 28. Rxe7+ Kg8 29. Rexd7 Re8 30. Nd5 1-0

[Event "Condom IM 6th"]
[Site "Condom"]
[Date "2007.07.07"]
[Round "1"]
[White "Navarrete Delgado, Sergio"]
[Black "Van Elst, Andreas"]
[Result "1/2-1/2"]
[WhiteElo "2213"]
[BlackElo "2294"]
[PlyCount "47"]
[EventDate "2007.07.07"]
[EventType "tourn"]
[EventRounds "9"]
[EventCountry "FRA"]
[EventCategory "4"]
[SourceTitle "CBM 119 Extra"]
[Source "ChessBase"]
[SourceDate "2007.09.04"]
[SourceVersion "1"]
[SourceVersionDate "2007.09.04"]
[SourceQuality "1"]

1. e4 c5 2. Nf3 e6 3. d4 cxd4 4. Nxd4 a6 5. Bd3 Nf6 6. 0-0 Qc7 7. Nd2 d6 8. a4 b6 9. a5 bxa5 10. Nc4 e5 11. Ne2 Nc6 12. Bg5 Be7 13. Qd2 0-0 14. Bxf6 Bxf6 15. Nxa5 Be6 16. Rfd1 Rfc8 17. Qc3 Qb6 18. Nxc6 Rxc6 19. Qa5 Qb7 20. b4 Bd8 21. Qa3 a5 22. b5 Rc5 23. Nc3 Be7 24. Qb2 1/2-1/2

[Event "FRA-chT2 South 0607"]
[Site "France"]
[Date "2007.03.18"]
[Round "9.1"]
[White "Van Elst, Andreas"]
[Black "Foisor, Ovidiu Doru"]
[Result "0-1"]
[WhiteElo "2305"]
[BlackElo "2418"]
[PlyCount "70"]
[EventDate "2006.10.15"]
[EventType "team"]
[EventRounds "11"]
[EventCountry "FRA"]
[SourceTitle "EXT 2008"]
[Source "ChessBase"]
[SourceDate "2007.11.25"]
[SourceVersion "1"]
[SourceVersionDate "2007.11.25"]
[SourceQuality "1"]
[WhiteTeam "Toulouse"]
[BlackTeam "Grenoble"]
[WhiteTeamCountry "FRA"]
[BlackTeamCountry "FRA"]

1. d4 Nf6 2. c4 c5 3. e3 g6 4. Nc3 Bg7 5. Nf3 0-0 6. Be2 cxd4 7. exd4 d5 8. 0-0 Nc6 9. h3 dxc4 10. Bxc4 Na5 11. Be2 Be6 12. Qa4 a6 13. Ne5 Rc8 14. Rd1 Nd5 15. Nxd5 Bxd5 16. Bd2 Nc6 17. Bc3 e6 18. Rd3 Qe7 19. Bf3 Rfd8 20. Re1 Qh4 21. Nxc6 Rxc6 22. Bxd5 Rxd5 23. Qb3 Qd8 24. Rf3 Rc7 25. Rf4 h5 26. Qd1 Rcd7 27. Qf3 b5 28. Rd1 Bf8 29. Qe2 b4 30. Be1 a5 31. Qa6 Qc7 32. Re4 Bg7 33. Bd2 Qc2 34. Ree1 Rxd4 35. Qc8+ Qxc8 0-1